书目信息 |
| 题名: |
秦汉史
|
|
| 作者: | 吕思勉 著 | |
| 分册: | 下 | |
| 出版信息: | 北京 北京联合出版公司 2014.1 |
|
| 页数: | 385-793页 | |
| 开本: | 24cm | |
| 丛书名: | 民国大师文库 | |
| 单 册: | ||
| 中图分类: | K232.07 | |
| 科图分类: | ||
| 主题词: | 秦汉时代--古代史--研究 , 古代史 , 研究 | |
| 电子资源: | ||
| ISBN: | 978-7-5502-2139-0 | |
| 000 | 00891oam2 2200289 450 | |
| 001 | 351633 | |
| 005 | 20161017160815.50 | |
| 010 | @a978-7-5502-2139-0@dCNY43.00 (全2册86.00) | |
| 100 | @a20140117d2014 em y0chiy0110 ea | |
| 101 | 0 | @achi |
| 102 | @aCN@b110000 | |
| 105 | @ak z 000yy | |
| 106 | @ar | |
| 200 | 1 | @a秦汉史@h下@f吕思勉著 |
| 210 | @a北京@c北京联合出版公司@d2014.1 | |
| 215 | @a385-793页@d24cm | |
| 225 | 2 | @a民国大师文库 |
| 308 | @a文库第一辑 | |
| 330 | @a本书主要内容包括:总论;秦代事迹;秦汉兴亡;汉初事迹;汉中叶事迹;汉末事迹;新室始末;后汉之兴;后汉盛世;后汉衰乱;后汉乱亡;三国始末;秦汉时社会组织等。 | |
| 461 | 0 | @12001 @a民国大师文库 |
| 606 | 0 | @a秦汉时代@x古代史@x研究 |
| 606 | 0 | @a古代史 |
| 606 | 0 | @a研究 |
| 690 | @aK232.07@v5 | |
| 701 | 0 | @a吕思勉@f(1884-1957)@4著 |
| 801 | 0 | @aCN@bTANGWEI@c20160820 |
| 905 | @b0895706-9@dK232.07@e46:2@f4 | |
| 秦汉史.下/吕思勉著.-北京:北京联合出版公司,2014.1 |
| 385-793页;24cm.-(民国大师文库) |
| ISBN 978-7-5502-2139-0:CNY43.00 (全2册86.00) |
| 本书主要内容包括:总论;秦代事迹;秦汉兴亡;汉初事迹;汉中叶事迹;汉末事迹;新室始末;后汉之兴;后汉盛世;后汉衰乱;后汉乱亡;三国始末;秦汉时社会组织等。 |
| ● |
| 相关链接 |
|
|
|
|
正题名:秦汉史
索取号:K232.07/46:2
 
预约/预借
| 序号 | 登录号 | 条形码 | 馆藏地/架位号 | 状态 | 备注 |
| 1 | 0895706 | 208957066 | 第二样本阅览室/ [索取号:K232.07/46:2] | 在馆 | |
| 2 | 0895707 | 208957075 | 密集书库-史法系/ [索取号:K232.07/46:2] | 在馆 | |
| 3 | 0895708 | 208957084 | 第二借阅区/ [索取号:K232.07/46:2] | 在馆 | |
| 4 | 0895709 | 208957093 | 第二借阅区/ [索取号:K232.07/46:2] | 在馆 |